000 00656nam a22001937a 4500
999 _c61734
_d61734
005 20240425112454.0
008 240425s2006 enk||||| |||| 00| 0 eng d
020 _a9780340925546x
041 _aeng
080 _a614 F-40
100 _aFerenczi, Emily
_921929
245 _aOne Stop Doc Statistics and Epidemiology /
_c Emily Ferenczi, Nina Muirhead.
264 _aLondon :
_bHodder Arnold,
_c2006.
300 _a1028 p.;
_b25 cm.
653 _aსტატისტიკა ეპიდემიოლოგიაში
653 _aმედიცინა
700 _aMuirhead, Nina
_eავტორი
_921930
942 _2udc
_cᲬᲘᲒᲜᲘ